Loading...
| History - European | 0 | 7 | 0 | 2 | 70 | 27 | 72.29 | 1 | 4 | 13.14 | 23.53 |
| History - Other | 0 | 7 | 0 | 0 | 70 | 49 | 62.43 | 4 | 6 | 33.90 | 65.08 |
| Current Events | 0 | 2 | 0 | 1 | 20 | 66 | 87.50 | 0 | 0 | 8.66 | 12.95 |
| History - World | 0 | 3 | 2 | 0 | 20 | 39 | 62.33 | 2 | 2 | 13.76 | 26.39 |
| Geography | 0 | 1 | 0 | 0 | 10 | 98 | 98.00 | 0 | 0 | 2.73 | 6.25 |
| Religion | 0 | 1 | 0 | 0 | 10 | 45 | 45.00 | 0 | 1 | 6.52 | 5.56 |
| Science - Physics | 0 | 1 | 0 | 0 | 10 | 42 | 42.00 | 0 | 1 | 6.98 | 8.33 |
| Science - Biology | 0 | 1 | 1 | 0 | 5 | 50 | 50.00 | 1 | 1 | 5.77 | 11.11 |
| Mythology | 0 | 0 | 0 | 0 | 0 | 0.00 | 0 | 0 | 0.00 | 0.00 | |
| Fine Arts - Classical Music | 0 | 1 | 2 | 0 | 0 | 84 | 84.00 | 0 | 1 | 2.63 | 8.33 |
| Social Science | 0 | 1 | 2 | 0 | 0 | 99 | 99.00 | 0 | 0 | 1.43 | 5.36 |
| Fine Arts - Painting and Sculpture | 0 | 0 | 1 | 0 | -5 | 0.00 | 0 | 0 | 0.00 | 0.00 | |
| Science - Other | 0 | 0 | 1 | 0 | -5 | 0.00 | 0 | 0 | 0.00 | 0.00 |